[Event "HUN-ch U12 Girls"]
[Site "Tapolca"]
[Date "2020.08.18"]
[Round "5"]
[White "Farkas, Virag1111"]
[Black "Gabor, Mariya"]
[Result "0-1"]
[WhiteElo "1276"]
[BlackElo "1410"]
[PlyCount "126"]
[EventDate "2020.08.15"]
[EventType "swiss"]
[EventRounds "7"]
[EventCountry "HUN"]
[SourceTitle "EXT 2023"]
[Source "ChessBase"]
[SourceDate "2022.10.05"]
[SourceVersion "1"]
[SourceVersionDate "2022.10.05"]
[SourceQuality "1"]
[WhiteTeam "Hungary"]
[BlackTeam "Ukraine"]
[WhiteTeamCountry "HUN"]
[BlackTeamCountry "UKR"]

1. e4 e5 2. Nf3 Nc6 3. Bb5 f5 4. d3 d6 5. 0-0 f4 6. d4 Bd7 7. dxe5 Nxe5 8. Bxd7+ Qxd7 9. Nxe5 dxe5 10. Qh5+ Qf7 11. Qxe5+ Qe7 12. Bxf4 0-0-0 13. Qa5 Qc5 14. Qxc5 Bxc5 15. Nc3 Nf6 16. e5 Nd5 17. Nxd5 Rxd5 18. Rad1 Rhd8 19. Rxd5 Rxd5 20. e6 g5 21. Be3 Bd6 22. f4 gxf4 23. Bxf4 Bc5+ 24. Kh1 Kd8 25. g4 Ke7 26. c4 Rd3 27. Re1 Ke8 28. e7 Bxe7 29. Bxc7 Kd7 30. Be5 Bd6 31. Bxd6 Kxd6 32. b3 Rd2 33. Re3 Rxa2 34. h4 Rd2 35. h5 Rd4 36. Rg3 Ke5 37. g5 Rh4+ 38. Kg2 Rxh5 39. g6 hxg6 40. Rxg6 Rh7 41. Kg3 Kd4 42. Rg5 Rh6 43. Rg7 Rb6 44. Kf4 Rxb3 45. Rd7+ Kxc4 46. Ke4 Kc5 47. Rd5+ Kc6 48. Ra5 a6 49. Kd4 Rb4+ 50. Kc3 Rb5 51. Ra4 a5 52. Kc4 Rb4+ 53. Rxb4 axb4 54. Kxb4 Kb6 55. Kb3 Kb5 56. Kb2 Kb4 57. Ka1 Ka3 58. Kb1 Kb3 59. Ka1 Kc2 60. Ka2 b5 61. Ka3 Kc3 62. Ka2 b4 63. Ka1 Kc2 0-1

[Event "HUN-ch U12 Girls"]
[Site "Tapolca"]
[Date "2020.08.17"]
[Round "4"]
[White "Gabor, Mariya"]
[Black "Nandin, Erdene Davaadembere"]
[Result "0-1"]
[WhiteElo "1410"]
[BlackElo "1540"]
[PlyCount "90"]
[EventDate "2020.08.15"]
[EventType "swiss"]
[EventRounds "7"]
[EventCountry "HUN"]
[SourceTitle "EXT 2023"]
[Source "ChessBase"]
[SourceDate "2022.10.05"]
[SourceVersion "1"]
[SourceVersionDate "2022.10.05"]
[SourceQuality "1"]
[WhiteTeam "Ukraine"]
[BlackTeam "Hungary"]
[WhiteTeamCountry "UKR"]
[BlackTeamCountry "HUN"]

1. e4 e6 2. Nf3 d5 3. e5 c5 4. b4 cxb4 5. d4 Nc6 6. a3 bxa3 7. Bxa3 Bxa3 8. Nxa3 Nge7 9. Nb5 0-0 10. Nd6 Nf5 11. Nxf5 exf5 12. Be2 Be6 13. 0-0 Qe7 14. c3 Rfc8 15. Qd2 b6 16. Bd3 Na5 17. Rfb1 Nc4 18. Qf4 Na5 19. Bxf5 Bxf5 20. Qxf5 Rxc3 21. Rc1 Qa3 22. Rf1 Qf8 23. Ng5 g6 24. Qg4 h6 25. Nh3 Rac8 26. e6 Kg7 27. Nf4 R3c6 28. Rae1 Qe8 29. Nh5+ Kh8 30. Nf6 Qe7 31. Nxd5 Qd6 32. e7 Re8 33. Re5 Nc4 34. Qf4 Nxe5 35. Qxh6+ Kg8 36. Ne3 Nd3 37. d5 Rc1 38. Rxc1 Nxc1 39. Nc4 Qxe7 40. h3 Nd3 41. Ne3 Rc8 42. g3 Rc1+ 43. Kh2 Qe4 44. Ng2 Ne1 45. Nxe1 Rxe1 0-1